00922nam a2200181 a 450000100100000000500170001000800410002704000250006808200150009310000370010824501410014526000300028630000210031650001580033770000420049595201860053799900170072300003483520240306073910.0111020s1955 ve 000 0 spa d aDO-SdBNPbspacBNPHU axxxbM378s1 aMartí, José,d1853-1895964510aSección constante :bHistoria, letras, biografía, curiosidades y ciencia /cJosé Martí ; compilación y prólogo Pedro Grases. aCaracas :b[s.n.],c1955. a208 p. ;c22 cm. aArtículos aparecidos en La Opinión nacional de Caracas desde el 4 de noviembre de 1881 al 15 de junio de 1882 compilacion y prólogo de Pedro Grases1 aGrases, Pedro,ecomp.epról.910355 001050718MOaGRbGRcCTd2011-10-20iLF1l0oxxx M378sp34835-10r2020-06-25w2020-06-25y1zPerteneció a la biblioteca personal de Juan Isidro Jimenes- GrullónZNo se presta c34326d34326